Greatest Classical Composer by Country - Statistics

General Stats
  • This quiz has been taken 38 times
  • The average score is 6 of 9
Answer Stats
Hint Answer % Correct
Austria Requiem in D minor Wolfgang Amadeus Mozart
97%
Poland Nocturne in Eb Major Frideric Chopin
92%
Germany Mass in B minor Johann Sebastian Bach
89%
Hungary Hungarian Rapsodies Franz Liszt
81%
France Clair de Lune Claude Debussy
78%
Italy Dies irae Guiseppe Verdi
67%
Norway Peer Gynt Edward Grieg
58%
United Kingdom Dido and Aeneus Henry Purcell
19%
Russia The Nutcracker Pyotr Ilyich Tchaikovasky
0%
No matching quizzes found
Score Distribution
Percent of People with Each Score
Percentile by Number Answered
Your Score History
You have not taken this quiz